000 00484nam a22001697a 4500
003 OSt
005 20250701154934.0
008 250701b |||||||| |||| 00| 0 eng d
020 _a9789356963771
100 _aClement, I.
_9119826
245 _aTextbook of Applied Microbiology and Infection Control Including Safety
250 _a1st Edition
260 _aNew Delhi
_bJaypee Brothers Medical Publishers
_c2024
300 _aXI;529P.
650 _2Microbiology
942 _2ddc
_cDB
999 _c367133
_d367133